Who changed the sabbath? (Record no. 16896)

000 -LEADER
fixed length control field 00500nam a2200169 a 4500
001 - CONTROL NUMBER
control field :::00020236$&:&@@
003 - CONTROL NUMBER IDENTIFIER
control field OkBaRHE
005 - DATE AND TIME OF LATEST TRANSACTION
control field 20020207184015.0
008 - FIXED-LENGTH DATA ELEMENTS--GENERAL INFORMATION
fixed length control field j 000 0 eng u
040 ## - CATALOGING SOURCE
Transcribing agency
100 1# - MAIN ENTRY--PERSONAL NAME
Personal name DeHaan, M. R.
245 10 - TITLE STATEMENT
Title Who changed the sabbath?
260 ## - PUBLICATION, DISTRIBUTION, ETC. (IMPRINT)
Place of publication, distribution, etc Grand Rapids, MI
Name of publisher, distributor, etc Radio Bible Class
300 ## - PHYSICAL DESCRIPTION
Extent 32 p.
942 ## - ADDED ENTRY ELEMENTS (KOHA)
Source of classification or shelving scheme
Koha item type Books
Copies
Date acquired Price effective from Source of classification or shelving scheme Not for loan Barcode Date last seen Shelving location Koha item type Permanent Location Withdrawn status Copy number Full call number Lost status Current Location Damaged status
2010-04-142010-04-14  202362010-04-14General StacksBooksRHEMA Bible Training College 1BX 9 H3 RHEMA Bible Training College